Rules and regulations for the construction and classification of steel ships 1969

Αποθηκεύτηκε σε:
Λεπτομέρειες βιβλιογραφικής εγγραφής
Συγγραφή απο Οργανισμό/Αρχή: Lloyd's Register of Shipping
Μορφή: Βιβλίο
Γλώσσα:English
Δημοσίευση: London : Lloyd's Register of Shipping, 1969
Θέματα:
Ετικέτες: Προσθήκη ετικέτας
Δεν υπάρχουν, Καταχωρήστε ετικέτα πρώτοι!

MARC

LEADER 00000nam a2200000 i 4500
001 1/63172
008 980707s1969 eng d
035 |l 10029206 
040 |a GR-MY-UA  |b gre  |e aacr 
041 0 |a eng 
082 0 |a 623.82 
110 2 |a Lloyd's Register of Shipping. 
245 1 0 |a Rules and regulations for the construction and classification of steel ships 1969 /  |c Lloyd's Register of Shipping 
260 |a London :   |b Lloyd's Register of Shipping,   |c 1969 
300 |a 680 p.;  |c 29 cm 
650 0 0 |a Shipbuilding. 
852 |a INST  |b CHIOS  |e 19980707  |h 623.82 LLO  |p 005200016053  |q 005200016053  |t BK  |y 0 
901 |a BIBL-1998-2 
909 |a Χ  |b 054687 
922 |a 2ΔΩΡ  |b 199807  |c ΠΕΤΡΟΓΓΟΝΑΣ 
970 |z 2000/09/ΔΕΜΕΝΑΓΑΣ